Embodied conversational agents

Saved in:
Bibliographic Details
Other Authors: Cassell, Justine, 1960- (edtf)
Format: Book
Language:English
Published: Cambridge, Mass. : MIT Press, c2000.
Subjects:
Tags: Add Tag
No Tags, Be the first to tag this record!

MARC

LEADER 00000cam a2200000 i 4500
001 1/17160
008 010212s2000 mau| ||| |||| ||eng||
020 |a 0262032783 
035 |l 10066034 
040 |a GR-MyUA  |b gre  |e AACR2 
041 0 |a eng 
082 0 |a 006.3 
245 1 0 |a Embodied conversational agents /   |c edited by Justine Cassell ...[κ. α.].  
260 |a Cambridge, Mass. :   |b MIT Press,   |c c2000.  
300 |a 430 σ. :   |b εικ. ;   |c 24 εκ.  
504 |a Περιέχει βιβλιογραφικές παραπομπές και ευρετήριο.  
650 0 0 |a Intelligent agents (Computer software) 
650 0 0 |a Human-computer interaction. 
700 1 |a Cassell, Justine,   |d 1960-  |e edtf 
852 |a INST  |b LESVOS  |e 20050519  |h 006.3 EMB  |p 005100029733  |q 005100029733  |t BK  |y 0 
852 |a INST  |b SAMOS  |e 20010212  |h 006.3 EMB  |p 005300021726  |q 005300021726  |t BK  |y 0 
852 |a INST  |b SAMOS  |e 20010212  |h 006.3 EMB  |p 005300021727  |q 005300021727  |t BK  |y 0 
852 |a INST  |b SAMOS  |e 20010212  |h 006.3 EMB  |p 005300021728  |q 005300021728  |t BK  |y 0 
852 |a INST  |b SAMOS  |e 20010212  |h 006.3 EMB  |p 005300021729  |q 005300021729  |t BK  |y 0 
852 |a INST  |b SAMOS  |e 20010212  |h 006.3 EMB  |p 005300021730  |q 005300021730  |t BK  |y 0 
852 |a INST  |b SAMOS  |e 20010212  |h 006.3 EMB  |p 005300021731  |q 005300021731  |t BK  |y 0 
852 |a INST  |b SYROS  |e 20010919  |h 006.3 EMB  |p 005500001214  |q 005500001214  |t BK  |y 0 
852 |a INST  |b SYROS  |e 20010919  |h 006.3 EMB  |p 005500001215  |q 005500001215  |t BK  |y 0 
901 |a BIBL5-2001-3 
901 |a BIBL3-2001-1 
901 |a BIBL1-2005-2 
909 |a Ε  |b 086896 
909 |a Ε  |b 086897 
909 |a Σ  |b 085718 
909 |a Σ  |b 085719 
909 |a Σ  |b 085720 
909 |a Σ  |b 085721 
909 |a Σ  |b 085722 
909 |a Σ  |b 085723 
909 |a Λ  |b 113437 
920 |a ΔΙΕΥΡΥΝΣΗ  |b ΕΠΕΑΕΚ-ΠΤΕ  |y ΛΕΣΒΟΣ  |z 2004-09 
922 |a 5ΕΛΗ  |b 200108  |c ΕΠΕΑΕΚ2/183  |d ΠΑΠΑΣΩΤΗΡΙΟΥ 
922 |a 3ΕΛΗ  |b 200008  |c ΤΠΕΣ/ΠΟΛ2  |d LEADER 
970 |a ΠΟΥΡΝΑΡΑΣ  |b ΔΗΜΗΤΡΗΣ  |z 2001/02/12